Score 0/20 Timer 10:00
5 Plays Today
% Correct
Sixth Sense
99.1%
Cut corners
97.9%
Actions speak louder than words
97%
House of cards
96.5%
Needle in a haystack
94.5%
Tip of the iceberg
94.4%
Laughing stock
94.1%
Cold reception
92.6%
Bull in a china shop
92.1%
Paint the town red
91.9%
% Correct
Rain on someone's parade
91.5%
Tickled pink
90.6%
Hands are tied
90.1%
French kiss
89.3%
Drive up the wall
88.6%
Blood is thicker than water
88.6%
Cup of Joe
88.2%
Add insult to injury
86.7%
A feather in one's cap
85.8%
Burning question
85%
Come Together.
Have Fun.
All Virtual.
We all need to come together. Play Sporcle's virtual live trivia to have fun, connect with people, and get your trivia on. Join a live hosted trivia game for your favorite pub trivia experience done virtually. If a virtual private party is more your thing, go here for details.

You're not logged in!

Compare scores with friends on all Sporcle quizzes.
OR
Log In

Sporcle TV

Today on Sporcle TV


Watch our educational content, quiz creation guides, and fun videos on Sporcle TV.

Show Comments

Extras

Top Quizzes Today


Score Distribution

Paid Content

Your Account Isn't Verified!

In order to create a playlist on Sporcle, you need to verify the email address you used during registration. Go to your Sporcle Settings to finish the process.

Report this User

Report this user for behavior that violates our Community Guidelines.

Details: